000 00531nam a2200181Ia 4500
001 17074
005 20260306170358.0
008 260306t2013||||xx |||||||||||||| ||und||
041 _aESP
082 _a657.45
_bH58
100 _aHichare Flores, Luz
_eAUT
245 0 _aEstados financieros auditados:
_bprocedimiento de presentación de los estados financieros a la Superintendencia del Mercado de Valores
260 _c2013
300 _a63 pƔginas :
_c24 cm.
650 _aGEN
654 _aCCO
942 _cLIB
_dJUS
_fJUS
_2ddc
_n
999 _c17074
_d17074